Její vina /
Thriller americké autorky. V 70. letech 20. století otřásly městečkem v Oregonu dvě brutální vraždy. Po čtyřiceti letech se začnou stíny minulosti plíživě vynořovat.
Uloženo v:
| Hlavní autor: | |
|---|---|
| Další autoři: | |
| Médium: | E-kniha |
| Jazyk: | Czech |
| Vydáno: |
V Praze :
XYZ,
2023
|
| Vydání: | 1. vydání |
| Témata: | |
| Tagy: |
Žádné tagy |
| LEADER | 02445nam a2200433 i 4500 | ||
|---|---|---|---|
| 001 | 311887 | ||
| 003 | CZ PrSKC | ||
| 005 | 20260601215713.0 | ||
| 007 | ta | ||
| 008 | 230413s2023 xr g 000 f cze | ||
| 015 | |a cnb003510866 | ||
| 020 | |a 9788076833142 |q (vázáno) : |c Kč 399,00 | ||
| 035 | |a (OCoLC)1381701762 | ||
| 040 | |a ABG001 |b cze |e rda | ||
| 041 | 1 | |a cze |h eng | |
| 072 | 7 | |a 821.111-3 |x Anglická próza, anglicky psaná |2 Konspekt | |
| 080 | |a 821.111(71)-31 |2 MRF | ||
| 080 | |a (0:82-312.4) |2 MRF | ||
| 100 | 1 | |a St. James, Simone |7 xx0229534 |4 aut | |
| 240 | 1 | 0 | |a Book of cold cases. |l Česky |
| 245 | 1 | 0 | |a Její vina / |c Simone St. Jamesová ; z anglického originálu The book of cold cases ... přeložila Kateřina Tomcová |
| 250 | |a 1. vydání | ||
| 264 | 1 | |a V Praze : |b XYZ, |c 2023 | |
| 300 | |a 366 stran ; |c 22 cm | ||
| 336 | |a text |b txt |2 rdacontent | ||
| 337 | |a bez média |b n |2 rdamedia | ||
| 338 | |a svazek |b nc |2 rdacarrier | ||
| 520 | 2 | |a Thriller americké autorky. V 70. letech 20. století otřásly městečkem v Oregonu dvě brutální vraždy. Po čtyřiceti letech se začnou stíny minulosti plíživě vynořovat. |b V roce 1977 otřásly městečkem Claire Lake v Oregonu brutální vraždy dvou mužů. Bohatá excentrička Beth Greerová byla dokonalou podezřelou, nakonec ji však zprostili viny. O čtyřicet let později ji s žádostí o rozhovor osloví true crime blogerka Shea Collinsová - a Beth překvapivě souhlasí. Jejich pravidelná setkání v sídle Greerů však provázejí paranormální úkazy. Je možné, že se Shea sbližuje s manipulativní vražedkyní? Nakladatelská anotace. Kráceno. | |
| 655 | 7 | |a kanadské romány (anglicky) |7 fd139325 |2 czenas | |
| 655 | 7 | |a thrillery (romány) |7 fd184206 |2 czenas | |
| 655 | 9 | |a Canadian fiction (English) |2 eczenas | |
| 655 | 9 | |a thrillers (novels) |2 eczenas | |
| 700 | 1 | |a Tomcová, Kateřina, |d 1972- |7 xx0205842 |4 trl | |
| 900 | |a ABA001 |b 20 | ||
| 928 | 9 | |a Albatros Media - XYZ | |
| 044 | |a xr | ||
| 910 | |a RBIT002 | ||
| 998 | |d 371650 |a https://core.palmknihy.cz/api/books/371650/cover?si7j9s |b https://core.palmknihy.cz/api/books/371650/cover/400?si7j9s |c https://core.palmknihy.cz/api/books/371650/cover/50?si7j9s |e 2026-12-16 |g 368 |i 9788076833142 |j https://core.palmknihy.cz/api/books/371650/preview.epub |k https://core.palmknihy.cz/api/books/371650/preview.pdf |l |q 49 |r 1 |s https://www.palmknihy.cz/kniha/371650 |t ebook |y 2023 |z 0 | ||
| 999 | |d 311885 | ||